000 01071cam a22003257a 4500
003 CHAP
005 20220329141252.0
008 971010s1968 r 00010 d
010 _a65473
011 _a66445
035 _a74556
040 _cCHAP
090 _aTesis
100 0 0 _aAlvarez Arratia, Aristeo.
_94870
245 1 3 _aEl mango criollo de Tehuantepec su cultivo y su posible utilización
260 _aChapingo, Méx. :
_bEl autor,
_c1968
300 _a72 h.
_b: ilus.
502 _aTesis (Ing. Agr. Esp. en Industrias Agrícolas) -- ENA. Departamento de Industrias Agrícolas
590 _aALEPH
_b10
_c20130110
_lUCH01
_h1357
590 _aBATCH-UPD
_b10
_c20130110
_lUCH01
_h0751
590 _aCONVERSION
_b10
_c20130109
_lUCH01
_h1336
650 1 4 _aMango
_zOaxaca.
_970461
901 _aBK
942 _cFOLL
949 _bBC
_cTES
_d-60427
_eTS1
_i74556
_si
949 _bBC
_cTES
_d-60428
_eTS2
_fc.2
_i74556
_si
949 _bBC
_cTES
_d-60429
_eTS2
_fc.3
_i74556
_si
949 _bBC
_cTES
_d-60431
_eTS2
_fc.4
_i74556
_si
949 _bIA
_cTES
_d-7426
_eTS1
_i74556
_si
999 _c65473
_d65473